NBA Quiz! - Statistics

General Stats
  • This quiz has been taken 21 times
  • The average score is 5 of 6
Answer Stats
Hint Answer % Correct
Who scored the most points in a game? Wilt Chamberlain
100%
How many points did Bam Adebayo score in his record breaking game? 83
89%
Is LeBron the Unc? Yes
84%
Who got 11 champs in 13 years (Person) Bill Russell
79%
Who has worn 15 on the Nuggets? (past) Carmelo Anthony
79%
What number did Pat Riley wear? (HARD) 12
68%
No matching quizzes found
Score Distribution
Percent of People with Each Score
Percentile by Number Answered
Your Score History
You have not taken this quiz